Statistiques concernant Clubs vainqueurs de la Supercoupe d'Europe

Cliquez ici pour prendre le quiz!

Statistiques générales

  • Ce quiz a été pris 220 fois
    (182 depuis la dernière actualisation)
  • Le résultat moyen est 34 sur 47

Statistiques - réponses

EditionClub% Correct
1992Barca
99%
2009Barca
99%
2011Barca
99%
2015Barca
99%
1997Barca
99%
2022Real Madrid
99%
2002Real Madrid
99%
2017Real Madrid
99%
2016Real Madrid
99%
2014Real Madrid
99%
2020Bayern
94%
2013Bayern
94%
2021Chelsea
94%
1998Chelsea
94%
1991Manchester United
93%
2001Liverpool
92%
2019Liverpool
92%
1977Liverpool
92%
2005Liverpool
92%
2007Milan AC
90%
1990Milan AC
90%
1989Milan AC
90%
1994Milan AC
90%
2003Milan AC
90%
2006Seville
86%
1996Juventus
83%
1984Juventus
83%
2012Atletico
81%
2018Atletico
81%
2010Atletico
81%
1987Porto
79%
1973Ajax
69%
1995Ajax
69%
1982Aston Villa
48%
2004Valence
48%
1980Valence
48%
1999Lazio
46%
1979Nottingham Forest
43%
1986Steaua Bucarest
35%
2008Zenith
31%
2000Galatasaray
26%
1978Anderlecht
23%
1976Anderlecht
23%
1993Parme
23%
1975Dynamo Kiev
19%
1988Malines
10%
1983Aberdeen
9%

Distribution des résultats

Percentile par nombre de réponses

% des personnes avec chaque résultat

Votre développement - résultats

Vous n’avez pas pris ce quiz depuis la dernière actualisation